000 00487nam a22001817a 4500
003 SEACOMMC
005 20231026062739.0
008 231026b |||||||| |||| 00| 0 eng d
020 _cRs. 95.00
040 _aSEACOMMC
082 _a005.133
_bSPI
100 1 _aSpielman, Sue
245 1 _aThe struts framrwork
_bpractical guide for java programmers
_cSue Spielman
260 _aNew Delhi
_bElsevier
_c2005
650 _aComputer science
650 _aProgramming languages
942 _cBOOK
999 _c283
_d283